| 000 | 00631nam a2200241 a 4500 | ||
|---|---|---|---|
| 999 |
_c1337 _d1337 |
||
| 008 | 191220r20072008ii a|||g |||| 001 0 eng d | ||
| 020 |
_a9788130903552 _cRs. 145.00 |
||
| 040 |
_aKO _beng |
||
| 041 | 0 | _aeng | |
| 044 | _aii | ||
| 082 | 0 | 4 |
_223 _a658.3124 _bP9428 |
| 245 | 1 | 0 | _aProfessional Ethics and Etiquette / |
| 250 | _a2nd ed. | ||
| 260 |
_aNew Delhi : _bViva Books Private Limited , _c2008. |
||
| 300 |
_a138 p. : _bill. ; _c22 cm |
||
| 440 | _aViva Career Skills Library | ||
| 504 | _aIncludes Index. | ||
| 650 | 0 | _aBusiness ethics | |
| 650 | 0 | _aBusiness etiquette | |
| 904 | _aA_BOSE | ||
| 942 | _cBK | ||